Chemistry matters: the periodi table [vol. 5] (Record no. 28129)

MARC details
000 -LEADER
fixed length control field 00470nam a2200181Ia 4500
020 ## - INTERNATIONAL STANDARD BOOK NUMBER
ISBN 9780717261994
050 ## - CALL MARK
Classification number QD 4 .G73/
100 ## - STATEMENT OF RESPONSIBILITY--MAIN AUTHOR NAME
Personal name Gray, Leon
245 #0 - TITLE STATEMENT
Title Chemistry matters: the periodi table [vol. 5]
260 ## - PUBLICATION, DISTRIBUTION, ETC. (IMPRINT)
Place of publication Danbury
260 ## - PUBLICATION, DISTRIBUTION, ETC. (IMPRINT)
Name of publisher An imprint of scholastic library publishing
260 ## - PUBLICATION, DISTRIBUTION, ETC. (IMPRINT)
Year of publication 2007
300 ## - PHYSICAL DESCRIPTION
Number of Pages 80 p
650 ## - SUBJECT ADDED ENTRY--TOPICAL TERM
Topical Term Chemistry--Encyclopedias.
942 ## - ADDED ENTRY ELEMENTS (KOHA)
Koha item type Books
Holdings
Withdrawn status Lost status Source of classification or shelving scheme Damaged status Not for loan Permanent Location Current Location Date acquired Accession Number Price effective from Koha item type
    Library of Congress Classification     NILE UNIVERSITY OF NIGERIA - MAIN LIBRARY NILE UNIVERSITY OF NIGERIA - MAIN LIBRARY 04/23/2025 0195035 04/23/2025 Books